Groundwater resources of India : (Record no. 145082)

MARC details
000 -LEADER
fixed length control field 00642nam a22001937a 4500
005 - DATE AND TIME OF LATEST TRANSACTION
control field 20170920142335.0
010 ## - LCCN (DPL NO)
LC control number ENG-120467
020 ## - INTERNATIONAL STANDARD BOOK NUMBER
International Standard Book Number 9788123763552
Terms of availability 110.00
035 ## - SYSTEM CONTROL NUMBER
System control number EN-103999
037 ## - SOURCE OF ACQUISITION
Source of stock number/acquisition DBAD/PUB
082 ## - DEWEY DECIMAL CLASSIFICATION NUMBER
Classification number 553.7995
100 ## - MAIN ENTRY--PERSONAL NAME
Personal name Das, Subhajyoti
245 ## - TITLE STATEMENT
Title Groundwater resources of India :
Statement of responsibility, etc by Subhajyoti Das
Remainder of title India-the land and the people /
260 ## - PUBLICATION, DISTRIBUTION, ETC. (IMPRINT)
Place of publication, distribution, etc New Delhi
Name of publisher, distributor, etc National Book Trust
Date of publication, distribution, etc 2011
270 ## - ADDRESS
Address Nehru Bhawan,5 Institutional Area, Phase-II,Vasant Kunj
City New Delhi
Postal code 110070
300 ## - PHYSICAL DESCRIPTION
Extent x,248p.:
Dimensions 23cm(pbk)
Other physical details ill.
500 ## - GENERAL NOTE
General note Include references
942 ## - ADDED ENTRY ELEMENTS (KOHA)
Source of classification or shelving scheme Dewey Decimal Classification
Item type English Books
Classification part 553.79954
Call number suffix DAS
Holdings
Withdrawn status Lost status Not for loan Collection code Home library Current library Date acquired Source of acquisition Cost, normal purchase price Full call number Barcode Copy number Cost, replacement price Koha item type
    Not For Loan Non-fiction D.B.Act.Division Bawana 20/09/2017 DBAD/PUB 110.00 553.79954 DAS EN-103999 1 110.00 English Books

© Delhi Public Library
Hit Counter
free hit counter